Central Library OPAC University of Rajshahi

A history of Europe from 1198 to 1378 / (Record no. 64144)

MARC details
000 -LEADER
fixed length control field 00865nam a2200265 a 4500
001 - CONTROL NUMBER
control field 64144
003 - CONTROL NUMBER IDENTIFIER
rucl marc code BD-RjUL
005 - DATE AND TIME OF LATEST TRANSACTION
control field 20211209081257.0
008 - FIXED-LENGTH DATA ELEMENTS--GENERAL INFORMATION
fixed length control field 170209s1951 enk 001 0 eng
035 ## - SYSTEM CONTROL NUMBER
System control number (BD-RjUL)64274
040 ## - CATALOGING SOURCE
Original cataloging agency DLC
Transcribing agency FM
Modifying agency BD-RjUL
Language of cataloging eng
041 ## - LANGUAGE CODE
Language code of text/sound track or separate title eng
082 ## - DEWEY DECIMAL CLASSIFICATION NUMBER
Classification number 940.1
Edition number 23
Author mark and year PRH 1951
100 1# - MAIN ENTRY--PERSONAL NAME
Personal name Previté-Orton, C. W.
Fuller form of name (Charles William),
Dates associated with a name 1877-1947.
9 (RLIN) 190513
245 12 - TITLE STATEMENT
Title A history of Europe from 1198 to 1378 /
Statement of responsibility, etc. C. W. Previtʹe-Orton
250 ## - EDITION STATEMENT
Edition statement 3rd ed.
260 ## - PUBLICATION, DISTRIBUTION, ETC. (IMPRINT)
Place of publication, distribution, etc. London :
Name of publisher, distributor, etc. Methuen & co., ltd.,
Date of publication, distribution, etc. 1951.
300 ## - PHYSICAL DESCRIPTION
Pagination xv, 464 p. :
Illustrations ill. ;
Size 23 cm.
490 0# - SERIES STATEMENT
Series statement Methuen's history of medieval and modern Europe, 3.
500 ## - GENERAL NOTE
General note Includes index
651 #0 - SUBJECT ADDED ENTRY--GEOGRAPHIC NAME
Geographic name Europe
General subdivision History
Chronological subdivision 476-1492.
9 (RLIN) 188623
830 ## - SERIES ADDED ENTRY--UNIFORM TITLE
Uniform title Methuen's history of medieval and modern Europe, 3.
942 ## - ADDED ENTRY ELEMENTS (KOHA)
Source of classification or shelving scheme Dewey Decimal Classification
Koha item type Books
Holdings
Lost status Source of classification or shelving scheme Damaged status Not for loan Collection code Permanent Location Current Location Shelving location Date acquired Source of acquisition Cost, normal purchase price Total Checkouts Full call number Date last seen Copy number Koha item type
  Dewey Decimal Classification   Not For Loan Non-fiction Central Library, University of Rajshahi Central Library, University of Rajshahi Reading Room 20/12/1957 Pak. American 18.12   940.1 PRH 1951 09/02/2017 C-1 Books